Vista normal Vista MARC

Entrada Materia (personas)

Número de registros utilizados en: 1

001 - CONTROL NUMBER

  • control field: 30110

003 - CONTROL NUMBER IDENTIFIER

  • control field: Co-BoUCM

005 - DATE AND TIME OF LATEST TRANSACTION

  • control field: 20130225160556.0

008 - FIXED-LENGTH DATA ELEMENTS

  • fixed length control field: 130225|| aca||aabn | a|a d

040 ## - CATALOGING SOURCE

  • Original cataloging agency: Co-BoUCM
  • Transcribing agency: Co-BoUCM

100 ## - HEADING--PERSONAL NAME

  • Personal name: Gaume, J. (Jean),
  • Dates associated with a name: 1802-1879

670 ## - SOURCE DATA FOUND

  • Source citation: Work cat.: (Co-BoUCM)68159: Gaume, J. (Jean), 1802-1879, Catecismo de perseverancia ó exposición histórica, dogmática, moral, litúrgica, apologética, filosófica y social de la religión desde el principio del mundo hasta nuestros días, 1883.